Zapojenie Slovenska do iniciatívy Jeden pás, Jedna cesta

Participácia SR v projektoch "Jeden pás, jedna cesta" (OBOR) závislá od pripravenosti infraštruktúry a politík v oblasti dopravy a obchodu. Vládne opatrenia určené na odstránenie úzkych miest na slovenskom území.

Salvato in:
Dettagli Bibliografici
Autore principale: Džubáková, Martina
Natura: Capitolo di libro
Lingua:slovacco
Soggetti:
Tags: Aggiungi Tag
Nessun Tag, puoi essere il primo ad aggiungerne!!

MARC

LEADER 00000nla a2200000 4500
001 0240111
005 20240502073908.9
041 0 |a slo 
044 |a SK 
245 1 0 |a Zapojenie Slovenska do iniciatívy Jeden pás, Jedna cesta  |c Martina Džubáková 
520 |a Participácia SR v projektoch "Jeden pás, jedna cesta" (OBOR) závislá od pripravenosti infraštruktúry a politík v oblasti dopravy a obchodu. Vládne opatrenia určené na odstránenie úzkych miest na slovenskom území. 
610 2 0 |a doprava 
610 2 0 |a doprava integrovaná 
610 2 0 |a doprava medzinárodná 
610 2 0 |a infraštruktúra dopravná 
610 2 0 |a Čína 
610 2 0 |a projekty medzinárodné 
610 2 0 |a cesty dopravné 
100 1 |a Džubáková, Martina